000 00670nam a22002177a 4500
008 130815t mx ||||| |||| 00| 0 spa d
020 _a978968231097
050 0 4 _aPC2440
_bB37 1982
100 1 _aBarthes, Roland
245 1 0 _aFragmentos de un discurso amoroso /
_cRoland Barthes ; tr. Eduardo Molina
250 _a1a ed.
260 _aMéxico :
_bSiglo Veintiuno,
_c1982
300 _a254 p. ;
_c21 cm.
440 0 _aTeoría
500 _aTraducción de: Fragments d´un discours amoureux
504 _aIncluye indice
650 4 _aFrancés
_xPalabras y frases
650 4 _aAmor
_xTerminología
700 1 _aMolina, Eduardo,
_qtr.
942 _2lcc
_cLIB
999 _c40065
_d40065